00584nam a2200145 a 4500003000500000005001700005008004100022050002000063100002300083245006500106856012000171942001400291999001700305952011600322PILC20150217180736.0021022s19uu xx 00 eng d aPGS '96bTAN #3 aTan, Jaymie Trisha aA Comp. study of the problems of male and female pubescents. uhttp://library.southville.edu.ph:8080/jspui/bitstream/123456789/45/1/Mini%20Thesis%20Jaymie%20Trisha%20L.%20Tan.pdf cPASS2lcc c96099d96099 001040aLUXbLUXcPASSd2002-11-27eLib. Fundl0oPGS '96 TAN #3pP0002r2014-04-08 00:00:00w2014-04-08yPASS